000 00571 a2200181 4500
020 _a0387950702
020 _a9780387950709
082 0 4 _a512.74
090 _c759
_d759
100 1 _aRibenboim, Paulo.
245 1 0 _aClassical theory of algebraic numbers /
_cPaulo Ribenboim.
250 _a2nd ed.
260 _a[S.l.] :
_bSpringer,
_c2001.
300 _a712 p. ;
_c24 cm.
700 _aRibenboim, Paulo.
942 _aSNS
_cBK
_k512.74 RIB
999 _c29385
_d29385